Prema dhaara / (Record no. 42441)

MARC details
000 -LEADER
fixed length control field 00744nam a22002057a 4500
005 - DATE AND TIME OF LATEST TRANSACTION
control field 2010081805425.0
010 ## - LCCN (DPL NO)
LC control number ENG-100839
020 ## - INTERNATIONAL STANDARD BOOK NUMBER
International Standard Book Number 9788172086879 (set)
020 ## - INTERNATIONAL STANDARD BOOK NUMBER
International Standard Book Number 9788172087258 (V.3)
Terms of availability 70.00
035 ## - SYSTEM CONTROL NUMBER
System control number EN-84372
037 ## - SOURCE OF ACQUISITION
Source of stock number/acquisition DBAD/PUB
082 ## - DEWEY DECIMAL CLASSIFICATION NUMBER
Classification number 230.35
245 ## - TITLE STATEMENT
Title Prema dhaara /
Statement of responsibility, etc compiled by P. P. S. Sharma
260 ## - PUBLICATION, DISTRIBUTION, ETC. (IMPRINT)
Place of publication, distribution, etc Prasanthi Nilayam
Name of publisher, distributor, etc Sri Sathya Sai Sadhana Trust
Date of publication, distribution, etc 2009
270 ## - ADDRESS
Address Anantapur District
City Prasanthi Nilayam
Postal code 515134
300 ## - PHYSICAL DESCRIPTION
Extent V.3 (216p.)
Dimensions 21cm (pbk)
700 ## - ADDED ENTRY--PERSONAL NAME
Personal name Sharma P. P. S.
9 (RLIN) 14823
942 ## - ADDED ENTRY ELEMENTS (KOHA)
Source of classification or shelving scheme Dewey Decimal Classification
Item type English Books
Classification part 230.35
Call number suffix PRE
Holdings
Withdrawn status Lost status Materials specified (bound volume or other part) Not for loan Collection code Home library Current library Date acquired Source of acquisition Cost, normal purchase price Full call number Barcode Copy number Cost, replacement price Koha item type Public note
    V.3 Not For Loan Non-fiction D.B.Act.Division D.B.Act.Division 18/08/2010 DBAD/PUB 70.00 230.35 PRE EN-84372 1 70.00 English Books V.3

© Delhi Public Library
Hit Counter
free hit counter